El viaje entretenido (Record no. 163869)

MARC details
000 -LEADER
campo de control de longitud fija 00913nam a2200253 i 4500
001 - NÚMERO DE CONTROL
campo de control 163869
003 - IDENTIFICADOR DE NÚMERO DE CONTROL
campo de control ES-MaACL
005 - FECHA Y HORA DE LA ÚLTIMA TRANSACCIÓN
campo de control 20230910213433.0
008 - DATOS DE LONGITUD FIJA--INFORMACIÓN GENERAL
campo de control de longitud fija 050726s1901 sp ac | |||||||| ||spa d
040 ## - FUENTE DE CATALOGACIÓN
Centro catalogador/agencia de origen CAM
Lengua de catalogación spa
Centro/agencia transcriptor CAM
100 1# - ENTRADA PRINCIPAL--NOMBRE DE PERSONA
Nombre de persona Rojas, Agustín de.
9 (RLIN) 132003
245 13 - MENCIÓN DEL TÍTULO
Título El viaje entretenido
Resto del título : libros primero y segundo /
Mención de responsabilidad, etc. de Agustín de Rojas ; con un estudio crítico de Manuel Cañete.
250 ## - MENCION DE EDICION
Mención de edición Reprod. de la 1ª ed. completa de 1604.
260 ## - PUBLICACIÓN, DISTRIBUCIÓN, ETC.
Lugar de publicación, distribución, etc. Madrid :
Nombre del editor, distribuidor, etc. B. Rodríguez Serra, editor,
Fecha de publicación, distribución, etc. 1901.
300 ## - DESCRIPCIÓN FÍSICA
Extensión 2 v. ;
Dimensiones 18 cm.
490 1# - MENCIÓN DE SERIE
Mención de serie Colección de libros picarescos
599 ## - NOTA A LAS ILUSTRACIONES
NOTA A LAS ILUSTRACIONES Front. y port. orlada.
599 ## - NOTA A LAS ILUSTRACIONES
NOTA A LAS ILUSTRACIONES Retrato del autor.
700 1# - ENTRADA AGREGADA--NOMBRE PERSONAL
Nombre de persona Cañete, Manuel,
Fechas asociadas al nombre 1822-1891
9 (RLIN) 34750
700 1# - ENTRADA AGREGADA--NOMBRE PERSONAL
Nombre de persona Rodríguez Serra, B.
9 (RLIN) 131955
830 0# - PUNTO DE ACCESO ADICIONAL DE SERIE-TÍTULO UNIFORME
Título uniforme Colección de libros picarescos
9 (RLIN) 222308
852 ## - LOCALIZACIÓN
Ubicación ES-MaACL
Número de control de estantería F-13560-61
Nota libre -- Enc. hol.
Holdings
Estatus retirado Estado de pérdida Estado de daño No para préstamo Biblioteca de origen Biblioteca actual Ubicación en estantería Fecha de adquisición Total de préstamos Signatura topográfica completa Código de barras Visto por última vez Precio de reemplazo Tipo de ítem Koha
        Biblioteca del Ateneo de Madrid Biblioteca del Ateneo de Madrid Sala Pecera Planta 2 17/01/2008   F-13560-61 1171739 23/02/2023 23/02/2023 Libro impreso antiguo